[Event "UCD Congress Masters 2023"]
[Site "Dublin IRL"]
[Date "2023.11.11"]
[Round "2.1"]
[White "Melaugh, Shane"]
[Black "Davtyan, Artur"]
[Result "0-1"]
[WhiteTitle "CM"]
[BlackTitle "IM"]
[WhiteElo "2088"]
[BlackElo "2471"]
[WhiteICU "2103"]
[WhiteClub "Elm Mount"]
[WhiteNationality "IRL"]
[BlackNationality "ARM"]
[WhiteFideId "2509580"]
[BlackFideId "13308327"]
[PlyCount "48"]
[Venue "Astra Hall, Student Centre, UCD Belfield Campus, Co. Dublin"]
[EventDate "2023.11.10"]
[Source "Live boards"]

{ Event information: <a
href="https://www.irlchess.com/ucd2023_allfiles/pairings_ucd2023.html">Tournament
report</a>. }

1. e4 c5 2. Nf3 d6 3. d4 cxd4 4. Nxd4 Nf6 5. Nc3 a6 6. Rg1 e5 7. Nb3 h6 8.
g4 b5 9. Be3 Be6 10. a3 Nbd7 11. h4 Nb6 12. g5 Nfd7 13. Qf3 hxg5 14. hxg5
g6 15. Rd1 Qc7 16. Na5 Na4 17. Nxa4 bxa4 18. Bd2 Qxc2 19. Bc3 Nc5 20. Bd3
Nxd3+ 21. Rxd3 Rh3 22. Rg3 Rxg3 23. Qxg3 Bg4 24. Qe3 Qb1+ 0-1

[Event "UCD Congress Masters 2023"]
[Site "Dublin IRL"]
[Date "2023.11.11"]
[Round "2.2"]
[White "Kanyamarala, Tarun"]
[Black "Liu, Jason"]
[Result "1-0"]
[WhiteTitle "IM"]
[WhiteElo "2312"]
[BlackElo "2029"]
[WhiteICU "2322"]
[BlackICU "2000"]
[WhiteClub "Dublin"]
[BlackClub "Gonzaga"]
[WhiteNationality "IRL"]
[BlackNationality "IRL"]
[WhiteFideId "45004714"]
[BlackFideId "2514656"]
[PlyCount "65"]
[Venue "Astra Hall, Student Centre, UCD Belfield Campus, Co. Dublin"]
[EventDate "2023.11.10"]
[Source "Live boards"]

{ Event information: <a
href="https://www.irlchess.com/ucd2023_allfiles/pairings_ucd2023.html">Tournament
report</a>. }

1. d4 Nf6 2. c4 e6 3. g3 Be7 4. Bg2 d5 5. Nf3 O-O 6. O-O c6 7. Nc3 b6 8.
Ne5 Bb7 9. e4 dxc4 10. Nxc4 Nbd7 11. Bf4 Ba6 12. b3 Re8 13. Qc2 b5 14. Nd6
Bxd6 15. Bxd6 e5 16. dxe5 Nxe5 17. Rfd1 Qb6 18. Ne2 Bc8 19. h3 Bd7 20. Bc5
Qb7 21. Rac1 Qc8 22. Kh2 h5 23. f4 Ng6 24. Bf2 h4 25. gxh4 Qc7 26. e5 Nh5
27. Qd2 Rad8 28. Qe3 f6 29. Qf3 fxe5 30. Qxh5 exf4 31. Qxg6 f3+ 32. Bg3
Rxe2 33. Bxc7 1-0

[Event "UCD Congress Masters 2023"]
[Site "Dublin IRL"]
[Date "2023.11.11"]
[Round "2.3"]
[White "Kanyamarala, Trisha"]
[Black "Geaney-O'Brien, David"]
[Result "1/2-1/2"]
[WhiteTitle "WIM"]
[WhiteElo "2181"]
[BlackElo "1990"]
[WhiteICU "2213"]
[BlackICU "1810"]
[WhiteClub "Dublin"]
[BlackClub "Cork"]
[WhiteNationality "IRL"]
[BlackNationality "IRL"]
[WhiteFideId "45004722"]
[BlackFideId "2509164"]
[PlyCount "80"]
[Venue "Astra Hall, Student Centre, UCD Belfield Campus, Co. Dublin"]
[EventDate "2023.11.10"]
[Source "Live boards"]

{ Event information: <a
href="https://www.irlchess.com/ucd2023_allfiles/pairings_ucd2023.html">Tournament
report</a>. }

1. d4 d6 2. Nf3 g6 3. c4 Bg7 4. Nc3 Nd7 5. e4 Ngf6 6. e5 dxe5 7. dxe5 Ng4
8. e6 fxe6 9. Ng5 Nde5 10. Qxd8+ Kxd8 11. Bf4 c6 12. h3 Nh6 13. O-O-O+ Ke8
14. g4 Nhf7 15. Nge4 Rf8 16. Be2 Nd6 17. Nxd6+ exd6 18. Be3 d5 19. f4 Nd7
20. Rhe1 Bh6 21. g5 Bg7 22. Bg4 Bxc3 23. bxc3 Nb6 24. Bxb6 axb6 25. cxd5
Rxf4 26. dxc6 bxc6 27. Bxe6 Bxe6 28. Rxe6+ Kf7 29. Rxc6 Rxa2 30. Kb1 Rff2
31. Rxb6 Rad2 32. Rc1 Ke7 33. c4 Kd7 34. c5 Kc7 35. Rb4 Kc6 36. Rb6+ Kc7
37. Rb4 Kc6 38. Rb6+ Kc7 39. Rb3 Kc6 40. Rb6+ Kc7 1/2-1/2

[Event "UCD Congress Masters 2023"]
[Site "Dublin IRL"]
[Date "2023.11.11"]
[Round "2.4"]
[White "Hushpit, Lukian"]
[Black "Flynn, Jacob"]
[Result "0-1"]
[BlackTitle "CM"]
[WhiteElo "1913"]
[BlackElo "2169"]
[WhiteICU "1914"]
[BlackICU "2171"]
[WhiteClub "Unattached"]
[BlackClub "Malahide"]
[WhiteNationality "IRL"]
[BlackNationality "IRL"]
[WhiteFideId "14189208"]
[BlackFideId "2509393"]
[PlyCount "158"]
[Venue "Astra Hall, Student Centre, UCD Belfield Campus, Co. Dublin"]
[EventDate "2023.11.10"]
[Source "Live boards"]

{ Event information: <a
href="https://www.irlchess.com/ucd2023_allfiles/pairings_ucd2023.html">Tournament
report</a>. }

1. e4 e5 2. Nf3 Nc6 3. Bb5 a6 4. Ba4 Nf6 5. O-O Be7 6. Re1 b5 7. Bb3 O-O 8.
d4 d6 9. dxe5 Nxe5 10. Nxe5 dxe5 11. Qxd8 Rxd8 12. Bg5 h6 13. Bxf6 Bxf6 14.
Bd5 Rb8 15. Nc3 Bd7 16. Rad1 Be8 17. Bb3 c6 18. Ne2 Rxd1 19. Rxd1 Rd8 20.
Rxd8 Bxd8 21. Nc1 Be7 22. Nd3 Bd6 23. g3 Kf8 24. f4 f6 25. Be6 Ke7 26. Bc8
a5 27. Kf2 Bf7 28. a3 Kd8 29. Bg4 c5 30. fxe5 fxe5 31. c3 c4 32. Ne1 b4 33.
axb4 axb4 34. cxb4 Bxb4 35. Nf3 Bd6 36. Ke2 Ke7 37. Bc8 Kf6 38. h4 Bc5 39.
Ba6 Bd4 40. Nd2 Bh5+ 41. Kf1 c3 42. bxc3 Bxc3 43. Nc4 Bd4 44. Kg2 Bg4 45.
Bb7 Ke7 46. Nd2 Kd6 47. Nb3 Be3 48. Ba6 Be6 49. Na1 Kc5 50. Nc2 Bc1 51. Kf3
Bf7 52. Kg4 Bg6 53. Bd3 Bd2 54. Kf3 Bh5+ 55. g4 Bf7 56. Ke2 Bc1 57. Ne1 Bf4
58. Ba6 Kd4 59. Kf3 Bb3 60. Be2 g5 61. h5 Ba4 62. Bd3 Bd2 63. Bc2 Bc6 64.
Nd3 Bxe4+ 65. Ke2 Ba5 66. Bb1 Bb6 67. Bc2 Bc6 68. Nb4 Bd7 69. Bf5 Ba4 70.
Nc2+ Kc3 71. Ne1 Bd4 72. Be4 Bb5+ 73. Kd1 Be3 74. Bc2 Bc4 75. Bb1 Bf4 76.
Bc2 Kd4 77. Nf3+ Ke3 78. Nd2 Be2+ 79. Kc1 Bxg4 0-1

[Event "UCD Congress Masters 2023"]
[Site "Dublin IRL"]
[Date "2023.11.11"]
[Round "2.5"]
[White "Daly, Colm"]
[Black "Copeland, Dean"]
[Result "1-0"]
[WhiteTitle "FM"]
[WhiteElo "2117"]
[BlackElo "1825"]
[WhiteICU "2128"]
[BlackICU "1697"]
[WhiteClub "Bray/Greystones"]
[BlackClub "Dun Laoghaire"]
[WhiteNationality "IRL"]
[BlackNationality "IRL"]
[WhiteFideId "2500434"]
[BlackFideId "368178551"]
[PlyCount "67"]
[Venue "Astra Hall, Student Centre, UCD Belfield Campus, Co. Dublin"]
[EventDate "2023.11.10"]
[Source "Live boards"]

{ Event information: <a
href="https://www.irlchess.com/ucd2023_allfiles/pairings_ucd2023.html">Tournament
report</a>. }

1. c4 e5 2. Nc3 Nf6 3. Nf3 Nc6 4. d3 d5 5. cxd5 Nxd5 6. e3 Be7 7. Be2 O-O
8. O-O Be6 9. Bd2 Qd7 10. Nxd5 Bxd5 11. Bc3 Bf6 12. Qc2 Rad8 13. b4 Rfe8
14. Rfd1 Qe7 15. e4 Be6 16. b5 Nd4 17. Bxd4 exd4 18. a4 Bg4 19. Re1 Bxf3
20. Bxf3 Be5 21. g3 Qg5 22. Bg2 Bd6 23. Rec1 f6 24. Qb3+ Kh8 25. Rc2 h5 26.
Rf1 h4 27. Bh3 Re7 28. f4 Qh6 29. Rg2 g6 30. Qd5 b6 31. Kh1 Rdd7 32. Bxd7
Rxd7 33. Qe6 Rd8 34. Qd5 1-0

[Event "UCD Congress Masters 2023"]
[Site "Dublin IRL"]
[Date "2023.11.11"]
[Round "2.6"]
[White "Murray, Benjamin"]
[Black "Gora, Antonina"]
[Result "1-0"]
[WhiteElo "2029"]
[BlackElo "1958"]
[WhiteICU "2095"]
[BlackICU "1972"]
[WhiteClub "St. Benildus"]
[BlackClub "Knights of Eanna / Rathmines"]
[WhiteNationality "IRL"]
[BlackNationality "IRL"]
[WhiteFideId "2512963"]
[BlackFideId "1148290"]
[PlyCount "75"]
[Venue "Astra Hall, Student Centre, UCD Belfield Campus, Co. Dublin"]
[EventDate "2023.11.10"]
[Source "Live boards"]
[BlackFullName "G&oacute;ra, Antonina"]

{ Event information: <a
href="https://www.irlchess.com/ucd2023_allfiles/pairings_ucd2023.html">Tournament
report</a>. }

1. e4 c5 2. c3 d5 3. exd5 Qxd5 4. d4 g6 5. Nf3 Bg7 6. Na3 Nf6 7. Bc4 Qe4+
8. Be3 O-O 9. Nb5 Na6 10. O-O Bg4 11. Re1 Bxf3 12. Qxf3 Qxf3 13. gxf3 Nd7
14. Rad1 Nb6 15. Bb3 cxd4 16. Bxd4 Bxd4 17. Rxd4 e6 18. Rd6 Nc5 19. Red1
Nxb3 20. axb3 Nd5 21. Rd7 a6 22. Nd6 b5 23. Ra1 Nf4 24. b4 Nd5 25. Ne4 Nb6
26. Rd6 Nc4 27. Rdxa6 Rad8 28. b3 Ne5 29. Kg2 Rd3 30. f4 Nf3 31. Rd6 Nh4+
32. Kf1 Rh3 33. Ra7 Rxh2 34. Rdd7 Rh1+ 35. Ke2 Rb1 36. Ng5 Rxb3 37. Nxf7
Rb2+ 38. Kd3 1-0

[Event "UCD Congress Masters 2023"]
[Site "Dublin IRL"]
[Date "2023.11.11"]
[Round "2.7"]
[White "Ivanov, Andrey"]
[Black "Scott, Luke"]
[Result "0-1"]
[WhiteElo "1962"]
[BlackElo "1879"]
[WhiteICU "1882"]
[BlackICU "1938"]
[WhiteClub "Malahide"]
[BlackClub "Knights of Eanna / Rathmines"]
[WhiteNationality "IRL"]
[BlackNationality "IRL"]
[WhiteFideId "2514311"]
[BlackFideId "2507986"]
[PlyCount "108"]
[Venue "Astra Hall, Student Centre, UCD Belfield Campus, Co. Dublin"]
[EventDate "2023.11.10"]
[Source "Live boards"]

{ Event information: <a
href="https://www.irlchess.com/ucd2023_allfiles/pairings_ucd2023.html">Tournament
report</a>. }

1. d4 d5 2. c4 dxc4 3. e3 Nf6 4. Bxc4 e6 5. Nf3 a6 6. O-O c5 7. Bd3 Nc6 8.
Nc3 cxd4 9. exd4 Be7 10. Bf4 Nb4 11. Rc1 Nxd3 12. Qxd3 Nd5 13. Nxd5 Qxd5
14. Rc7 Bd7 15. Ne5 Rd8 16. Nxd7 Rxd7 17. Rxd7 Qxd7 18. Rc1 Bd8 19. Qa3
Qxd4 20. Be3 Qd7 21. h3 f6 22. Qb4 Be7 23. Bc5 Bxc5 24. Qxc5 Kf7 25. Qh5+
g6 26. Qh6 e5 27. Rc3 Ke6 28. Qc1 Rd8 29. Qe3 Qd4 30. Qh6 Rd7 31. Qf8 e4
32. g4 Rd8 33. Qa3 Qd1+ 34. Kg2 Rd3 35. Rxd3 Qxd3 36. Qf8 Qd7 37. Qg8+ Ke5
38. Qc4 Qc6 39. Qb4 b5 40. Qe7+ Kf4 41. Kf1 Qc1+ 42. Kg2 Qxb2 43. Qc5 Qxa2
44. Qd6+ Kg5 45. Qd4 Qe2 46. Kg1 Qf3 47. Qd2+ e3 48. fxe3 Qg3+ 49. Kf1
Qxh3+ 50. Kg1 Qxg4+ 51. Kh2 Qh4+ 52. Kg2 Qe4+ 53. Kh2 b4 54. Qd6 Qe5+ 0-1

[Event "UCD Congress Masters 2023"]
[Site "Dublin IRL"]
[Date "2023.11.11"]
[Round "2.8"]
[White "O'Gorman, Alice"]
[Black "O'Reilly, Conor"]
[Result "1-0"]
[WhiteElo "2023"]
[BlackElo "1800"]
[WhiteICU "1985"]
[BlackICU "1656"]
[WhiteClub "Elm Mount"]
[BlackClub "Knights of Eanna / Rathmines"]
[WhiteNationality "IRL"]
[BlackNationality "IRL"]
[WhiteFideId "2508214"]
[BlackFideId "2517540"]
[PlyCount "49"]
[Venue "Astra Hall, Student Centre, UCD Belfield Campus, Co. Dublin"]
[EventDate "2023.11.10"]
[Source "Live boards"]

{ Event information: <a
href="https://www.irlchess.com/ucd2023_allfiles/pairings_ucd2023.html">Tournament
report</a>. }

1. c4 e5 2. Nc3 Bb4 3. Nd5 Bc5 4. g3 Nf6 5. Bg2 c6 6. Nc3 Na6 7. e3 O-O 8.
Nge2 Re8 9. d4 exd4 10. exd4 Bf8 11. O-O Nc7 12. Bf4 d6 13. Re1 Be6 14. d5
cxd5 15. cxd5 Bd7 16. Qb3 b5 17. Nd4 Rb8 18. Rac1 Rxe1+ 19. Rxe1 a5 20. Nc6
Bxc6 21. dxc6 b4 22. Ne2 Ne6 23. Rc1 Nc5 24. Rxc5 dxc5 25. c7 1-0

[Event "UCD Congress Masters 2023"]
[Site "Dublin IRL"]
[Date "2023.11.11"]
[Round "2.9"]
[White "Murphy, Oissine"]
[Black "Nikrow, Shahram"]
[Result "1-0"]
[WhiteElo "1954"]
[BlackElo "1820"]
[WhiteICU "1908"]
[BlackICU "1630"]
[WhiteClub "Galway"]
[BlackClub "Dublin"]
[WhiteNationality "IRL"]
[BlackNationality "IRL"]
[WhiteFideId "2503603"]
[BlackFideId "2506424"]
[PlyCount "95"]
[Venue "Astra Hall, Student Centre, UCD Belfield Campus, Co. Dublin"]
[EventDate "2023.11.10"]
[Source "Live boards"]
[WhiteFullName "Murphy, Oiss&iacute;ne"]

{ Event information: <a
href="https://www.irlchess.com/ucd2023_allfiles/pairings_ucd2023.html">Tournament
report</a>. }

1. Nf3 d5 2. g3 Nf6 3. Bg2 g6 4. O-O Bg7 5. d4 O-O 6. c4 c6 7. a4 e6 8. a5
b5 9. cxb5 cxb5 10. Bg5 h6 11. Bxf6 Bxf6 12. Nbd2 Nc6 13. Nb3 a6 14. Qc1
Qd6 15. Qxh6 Qb4 16. Ra3 Nxa5 17. Nxa5 Qxb2 18. Qe3 Bd7 19. Raa1 Qb4 20.
Ne5 Bxe5 21. Qxe5 Ra7 22. h4 f6 23. Qe3 Kg7 24. Nb3 Re8 25. Nc5 Bc8 26.
Bxd5 e5 27. Rfd1 Rae7 28. Nd3 Qd6 29. Bg2 exd4 30. Qf4 Qb6 31. Bf3 Bf5 32.
Nb4 Be4 33. Rxa6 Qb7 34. Qxf6+ Kh7 35. Bxe4 Qxe4 36. Qxd4 Qxe2 37. Rd6 Qf3
38. Rd7 Qf5 39. Nc6 Rxd7 40. Qxd7+ Qxd7 41. Rxd7+ Kh6 42. Kf1 Re6 43. Nd4
Rb6 44. Ra7 b4 45. Nb3 Kh5 46. Ra5+ Kg4 47. Kg2 Rb5 48. Rxb5 1-0

[Event "UCD Congress Masters 2023"]
[Site "Dublin IRL"]
[Date "2023.11.11"]
[Round "2.10"]
[White "Dunne Jr., Thomas"]
[Black "Mirza, Diana"]
[Result "1-0"]
[BlackTitle "WFM"]
[WhiteElo "1887"]
[BlackElo "1897"]
[WhiteICU "1811"]
[BlackICU "1898"]
[WhiteClub "Ballinasloe"]
[BlackClub "U.C.D."]
[WhiteNationality "IRL"]
[BlackNationality "IRL"]
[WhiteFideId "2507269"]
[BlackFideId "2503999"]
[PlyCount "91"]
[Venue "Astra Hall, Student Centre, UCD Belfield Campus, Co. Dublin"]
[EventDate "2023.11.10"]
[Source "Live boards"]

{ Event information: <a
href="https://www.irlchess.com/ucd2023_allfiles/pairings_ucd2023.html">Tournament
report</a>. }

1. e4 d5 2. exd5 Nf6 3. d4 Bg4 4. Nf3 Qxd5 5. Be2 Nc6 6. O-O O-O-O 7. c3 h5
8. Nbd2 Bxf3 9. Bxf3 Qd7 10. Qa4 Nd5 11. Ne4 e5 12. dxe5 Nb6 13. Qc2 Nxe5
14. Be2 Be7 15. Bf4 f6 16. Rfd1 Qe6 17. Be3 Ng4 18. Bd4 f5 19. Ng3 f4 20.
Qf5 Rh6 21. Qxf4 Bd6 22. Qf5 Qxf5 23. Nxf5 Bxh2+ 24. Kh1 Rh7 25. f3 g6 26.
Nh4 Bg3 27. Nxg6 Bf2 28. Nf4 Re8 29. Bd3 Bxd4 30. Bf5+ Kb8 31. Rxd4 c5 32.
Bxh7 cxd4 33. fxg4 hxg4 34. Bd3 dxc3 35. bxc3 Re3 36. Kg1 Nd5 37. Nxd5 Rxd3
38. c4 g3 39. Kf1 Rd4 40. Ne3 Rf4+ 41. Ke2 Rf2+ 42. Kd3 Kc7 43. a4 Kb6 44.
Rb1+ Ka6 45. Rb5 Ra2 46. Nc2 1-0

[Event "UCD Congress Masters 2023"]
[Site "Dublin IRL"]
[Date "2023.11.11"]
[Round "2.11"]
[White "Quigley, Colm"]
[Black "Beryozkin, Sergey"]
[Result "1-0"]
[WhiteElo "1895"]
[BlackElo "1870"]
[WhiteICU "1830"]
[BlackICU "1753"]
[WhiteClub "Kilkenny"]
[BlackClub "Dun Laoghaire"]
[WhiteNationality "IRL"]
[BlackNationality "IRL"]
[WhiteFideId "2510464"]
[BlackFideId "2510472"]
[PlyCount "71"]
[Venue "Astra Hall, Student Centre, UCD Belfield Campus, Co. Dublin"]
[EventDate "2023.11.10"]
[Source "Live boards"]

{ Event information: <a
href="https://www.irlchess.com/ucd2023_allfiles/pairings_ucd2023.html">Tournament
report</a>. }

1. d4 Nf6 2. c4 e6 3. Nc3 d5 4. cxd5 exd5 5. Bg5 Bb4 6. Qa4+ Nc6 7. Nf3 O-O
8. e3 Re8 9. Bd3 Bg4 10. Nd2 Bh5 11. O-O Be7 12. a3 Ng4 13. Bf4 Bg5 14. Nf3
Bxf4 15. exf4 a6 16. Ne2 Nf6 17. Ne5 Bxe2 18. Bxe2 Qd6 19. Rac1 Ne7 20. Qc2
Rac8 21. g3 Red8 22. Rfd1 Ne4 23. Bd3 Nf6 24. b4 c6 25. Kg2 g6 26. f5 Nd7
27. f4 Qf6 28. fxg6 hxg6 29. Re1 Kg7 30. Re2 Rh8 31. Nxd7 Qd6 32. Ne5 Qe6
33. Rce1 Qh3+ 34. Kg1 Ng8 35. Bxg6 f6 36. Bf5 1-0